| 000 | 00522cam a2200193ua 4500 | ||
|---|---|---|---|
| 020 |
_a9788173194474 _c395.00 |
||
| 041 |
_aeng _h |
||
| 082 |
_a620.106 _bASW/EN |
||
| 100 | _aAswatha Narayana, P.A . | ||
| 245 |
_aEngineering fluid mechanics / _cP.A.Aswatha Narayana. _hTextual Documents |
||
| 260 |
_aNew Delhi : _bNarosa Publishing House , _c2004. |
||
| 300 | _a582 ; . | ||
| 365 | _a395.00 | ||
| 500 | _a20876-Scheme | ||
| 504 | _a | ||
| 700 | 1 | _aSeetharamu, K.N . | |
| 942 | _cBK | ||
| 999 |
_c12168 _d12168 |
||